Statistics for 12 hónap 20 másodpercben

Click here to take the quiz!

General Stats

  • This quiz has been taken 285 times
  • The average score is 7 of 12

Answer Stats

Hónap% Correct
Január
96%
Február
90%
Március
82%
Május
80%
Április
78%
Június
67%
Július
55%
Augusztus
46%
Szeptember
27%
Október
20%
December
19%
November
19%

Score Distribution

Percentile by Number Answered

Percent of People with Each Score

Your Score History

You have not taken this quiz